| 000 | 01227cam a22002535a 4500 | ||
|---|---|---|---|
| 001 | 18366174 | ||
| 005 | 20161130142529.0 | ||
| 008 | 141110t2015 enka frb 001 0 eng d | ||
| 020 | _a9780124115859 | ||
| 040 |
_aZZX _cZZX _dBTCTA _dBDX _dOCLCF _dYHM _dEYM _dCHVBK _dDLC _dEG-ScBUE _beng |
||
| 082 | 0 | 4 |
_a338.5 _222 _bELS |
| 100 | 1 | _aElsner, Wolfram. | |
| 245 | 1 | 4 |
_aThe microeconomics of complex economies : _bevolutionary, institutional, neoclassical, and complexity perspectives / _cWolfram Elsner, Torsten Heinrich, Henning Schwardt. |
| 260 |
_aOxford : _bAcademic Press Elsevier, _cc.2015. |
||
| 300 |
_axxxi, 566 p. : _bill. , _c25 cm. |
||
| 504 | _aIncludes bibliographical references and index. | ||
| 505 | 0 | _aBasics of the interdependent economy and its processes -- Markets : general-equilibrium theory and real-world market structures -- Further tools and the analysis of complex economies -- History of thought and contemporary models in complexity economics -- Further applications : information, innovation, policy and methodology. | |
| 650 | 7 |
_aMicroeconomics. _2BUEsh _95599 |
|
| 651 | _2BUEsh | ||
| 653 |
_bBUSADM _cNovember2016 |
||
| 700 | 1 | _aHeinrich, Torsten. | |
| 700 | 1 | _aSchwardt, Henning. | |
| 942 | _2ddc | ||
| 999 |
_c23396 _d23368 |
||